Vysoká škola jako facilitátor rozvoje společnosti a regionu mezinárodní konference 2006

Salvato in:
Dettagli Bibliografici
Ente Autore: Vysoká škola jako facilitátor rozvoje společnosti a regionu. Mezinárodní konference
Natura: Libro
Lingua:ceco
slovacco
inglese
Pubblicazione: Kunovice Evropský polytechnický institut 2006
Soggetti:
Tags: Aggiungi Tag
Nessun Tag, puoi essere il primo ad aggiungerne!!

MARC

LEADER 00000nam$a2200000$$$4500
001 0060088
005 20240104135256.9
020 |a 80-7314-083-7 
041 0 |a cze 
041 0 |a slo 
041 0 |a eng 
044 |a CZ 
245 1 0 |a Vysoká škola jako facilitátor rozvoje společnosti a regionu  |b mezinárodní konference 2006 
264 1 |a Kunovice  |b Evropský polytechnický institut  |c 2006 
300 |a 234 s. 
610 2 0 |a vzdelávanie vysokoškolské 
610 2 0 |a vzdelanie ekonomické 
610 2 0 |a školy vysoké 
610 2 0 |a spoločnosť vedomostná 
610 2 0 |a rozvoj regionálny 
610 2 0 |a vzdelávanie elektronické 
610 2 0 |a prostredie podnikateľské 
110 2 |a Vysoká škola jako facilitátor rozvoje společnosti a regionu. Mezinárodní konference